000 00410cam a22001457a 4500
008 180718b1997 xxu||||| |||| 00| 0 eng d
020 _a8186602062
082 _aT2196 T159
100 _aTaori, Kamal
245 _aSome case studies in rural industries
_cby Kamal Taori
260 _aNew Delhi
_bJMD
_c1997
300 _a183p.
650 _aFood supplyAgriculture and --Case studies
650 _aBiomass energy
999 _c495257
_d495257